| 000 | 00593nam a22001571 4500 | ||
|---|---|---|---|
| 082 | 0 | 0 |
_a621.4021 _bGIL _cL-12, P-32 |
| 100 | 1 |
_aGiles, R. _941755 |
|
| 245 | 1 | 0 |
_aMathematical foundations of thermodynamics, _cby R. Giles. |
| 260 |
_aOxford, _aNew York, _bPergamon Press; [distributed in the Western Hemisphere by Macmillan, New York] _c1964. |
||
| 300 |
_axiii, 237 p. _billus. _c23 cm. |
||
| 490 | 1 | _aInternational series of monographs on pure and applied mathematics, | |
| 526 |
_a0 _b0 _c0 _d621_402100000000000_GIL |
||
| 650 | 0 |
_aMCE _9379 |
|
| 650 | 0 |
_aThermodynamics. _97134 |
|
| 942 |
_2ddc _cBK |
||
| 999 |
_c545799 _d545799 |
||